Statistics for PR06-東急電鉄の駅

Click here to take the quiz!

General Stats

  • This quiz has been taken 997 times
    (554 since last reset)
  • The average score is 78 of 109

Answer Stats

本線% Correct
渋谷
100%
横浜
98%
中目黒
97%
目黒
97%
多摩川
96%
大井町
96%
日吉
94%
自由が丘
94%
二子玉川
93%
武蔵小杉
92%
田園調布
91%
学芸大学
91%
中央林間
91%
三軒茶屋
91%
都立大学
90%
こどもの国
90%
代官山
90%
菊名
90%
長津田
90%
蒲田
89%
大岡山
89%
新横浜
89%
綱島
87%
五反田
87%
池尻大橋
87%
溝の口
84%
祐天寺
83%
新綱島
83%
白楽
82%
南町田グランベリーパーク
82%
二子新地
81%
たまプラーザ
81%
あざみ野
80%
東白楽
80%
桜新町
79%
新丸子
79%
用賀
79%
反町
78%
武蔵小山
78%
駒沢大学
77%
元住吉
76%
旗の台
75%
池上
74%
高津
74%
下高井戸
73%
鷺沼
72%
世田谷
72%
奥沢
72%
恩田
71%
青葉台
70%
大倉山
70%
雪が谷大塚
69%
等々力
68%
妙蓮寺
67%
不動前
66%
洗足
65%
九品仏
65%
宮崎台
65%
宮前平
64%
戸越銀座
63%
西小山
63%
大崎広小路
62%
中延
61%
田奈
61%
つきみ野
60%
江田
59%
梶が谷
59%
上野毛
59%
緑が丘
58%
下神明
58%
すずかけ台
57%
つくし野
56%
洗足池
56%
下丸子
55%
戸越公園
54%
市が尾
53%
北千束
52%
荏原中延
52%
藤が丘
50%
尾山台
50%
山下
49%
荏原町
48%
矢口渡
47%
松陰神社前
46%
御嶽山
46%
武蔵新田
44%
鵜の木
42%
上町
42%
若林
42%
沼部
41%
蓮沼
39%
西太子堂
39%
長原
36%
石川台
36%
松原
35%
千鳥町
34%
久が原
33%
宮の坂
31%

Score Distribution

Percentile by Number Answered

Percent of People with Each Score

Your Score History

You have not taken this quiz since the last reset